[Event "II Open A"]
[Site "Conegliano ITA"]
[Date "2008.06.01"]
[Round "2"]
[White "D'Alessio, Angelo"]
[Black "Lazzeri Memendez, Santos Gerardo"]
[Result "0-1"]
[WhiteElo "1976"]
[BlackElo "2112"]
[PlyCount "120"]
[EventDate "2008.05.31"]

1. e4 e5 2. Nf3 Nc6 3. Bb5 a6 4. Ba4 Nf6 5. O-O Nxe4 6. d4 b5 7. Bb3 d5 8. Nxe5
Nxe5 9. dxe5 Be6 10. c3 Bc5 11. Nd2 Nxd2 12. Qxd2 Bb6 13. a4 c5 14. axb5 axb5
15. Rxa8 Qxa8 16. Qg5 g6 17. Qf6 Rg8 18. Bh6 Bd8 19. Qf3 c4 20. Bc2 Bc7 21. Qe3
Qb8 22. Re1 Bb6 23. Qf4 Qa7 24. h4 Kd7 25. Rd1 Kc6 26. Qf3 Ra8 27. b3 Qa2 28.
bxc4 bxc4 29. Rc1 Qb2 30. Be3 h5 31. Kh2 Bc7 32. Qf6 Qb8 33. Bd4 Bd8 34. Qf4
Qb2 35. Be3 Ra1 36. Rxa1 Qxa1 37. Qd4 Qa5 38. Bd1 Bb6 39. Qd2 Bxe3 40. Qxe3 Qc5
41. Qd2 Bf5 42. Bf3 Bd3 43. Qa2 Kc7 44. Qd2 d4 45. cxd4 Qxd4 46. Qg5 Qd7 47.
Qe3 Qe6 48. Qd4 Qb6 49. Qf4 Qe6 50. Qd4 f6 51. exf6 Qd6+ 52. Qxd6+ Kxd6 53. g4
c3 54. Bd1 c2 55. Bxc2 Bxc2 56. Kg3 Bd1 57. gxh5 gxh5 58. Kf4 Ke6 59. Kg5 Kf7
60. Kf5 Be2 0-1

[Event "II Open A"]
[Site "Conegliano ITA"]
[Date "2008.06.01"]
[Round "2"]
[White "De Marchi, Alessandro"]
[Black "Rombaldoni, Axel"]
[Result "0-1"]
[WhiteElo "1691"]
[BlackElo "2398"]
[PlyCount "32"]
[EventDate "2008.05.31"]

1. Nf3 d5 2. d4 Bg4 3. Nc3 c6 4. h3 Bh5 5. g4 Bg6 6. Ne5 Nd7 7. Bf4 Nxe5 8.
Bxe5 Nf6 9. Bg2 e6 10. a3 Rc8 11. Qd2 Nd7 12. Bg3 c5 13. e3 cxd4 14. exd4 Qb6
15. O-O-O Qa5 16. Kb1 Bxa3 0-1

[Event "II Open A"]
[Site "Conegliano ITA"]
[Date "2008.06.01"]
[Round "2"]
[White "Dussin, Davide"]
[Black "Forato, Enrico"]
[Result "0-1"]
[WhiteElo "1893"]
[BlackElo "2037"]
[PlyCount "70"]
[EventDate "2008.05.31"]

1. d4 Nf6 2. c4 g6 3. Nc3 Bg7 4. e4 O-O 5. Nf3 d6 6. Be3 e5 7. Be2 Nc6 8. h3
exd4 9. Nxd4 Re8 10. Nxc6 bxc6 11. Qc2 Qe7 12. Bd3 Nxe4 13. Nxe4 f5 14. f3 fxe4
15. Bxe4 Bf5 16. O-O Bxe4 17. Qxe4 Qxe4 18. fxe4 Rxe4 19. Rf3 Rxe3 20. Rxe3 Bd4
21. Kf2 Re8 22. Rae1 Rxe3 23. Rxe3 Kf7 24. Kf3 Bxe3 25. Kxe3 c5 26. a3 a5 27.
Ke4 Ke6 28. b3 c6 29. g3 d5+ 30. Ke3 g5 31. Kf3 Ke5 32. Ke3 h5 33. a4 h4 34.
gxh4 gxh4 35. Ke2 Ke4 0-1

[Event "II Open A"]
[Site "Conegliano ITA"]
[Date "2008.06.01"]
[Round "2"]
[White "Epishin, Vladimir V."]
[Black "Cherin, Diego"]
[Result "1-0"]
[WhiteElo "2566"]
[BlackElo "2267"]
[PlyCount "67"]
[EventDate "2008.05.31"]

1. d4 f5 2. Nf3 g6 3. b4 Bg7 4. Bb2 d6 5. Nbd2 c5 6. bxc5 dxc5 7. e3 Nc6 8. Bb5
Bd7 9. Nb3 Rc8 10. O-O cxd4 11. exd4 Nb4 12. Bxd7+ Qxd7 13. c3 Na6 14. Qe2 Nf6
15. Ng5 Bh6 16. Ne6 Ne4 17. d5 Qxd5 18. c4 Qxe6 19. Bxh8 Qxc4 20. Qb2 Kf7 21.
Bd4 b6 22. f3 Nec5 23. Rad1 Nb4 24. Nd2 Bxd2 25. Qxd2 Rd8 26. Qh6 Rxd4 27.
Qxh7+ Kf6 28. Qh8+ Kf7 29. Rxd4 Qe2 30. Rxb4 Nd3 31. Qh7+ Kf6 32. Qh4+ g5 33.
Qh6+ Kf7 34. Rbb1 1-0

[Event "II Open A"]
[Site "Conegliano ITA"]
[Date "2008.06.01"]
[Round "2"]
[White "Genna, Jose' Miguel"]
[Black "Mateo, Ramon"]
[Result "1/2-1/2"]
[WhiteElo "2216"]
[BlackElo "2506"]
[PlyCount "66"]
[EventDate "2008.05.31"]

1. e4 c5 2. Nf3 a6 3. Nc3 e6 4. d4 cxd4 5. Nxd4 g6 6. Be3 Bg7 7. Be2 Ne7 8. a4
O-O 9. O-O d5 10. exd5 Nxd5 11. Nxd5 Qxd5 12. c3 Nd7 13. Qb3 Nf6 14. Bf3 Qd6
15. Rfd1 Qc7 16. Ne2 e5 17. Ng3 Bg4 18. Bb6 Qc8 19. Bxg4 Qxg4 20. Bc7 Qh4 21.
h3 Rfe8 22. Qxb7 Qf4 23. Rd4 Qg5 24. h4 Qxg3 25. fxg3 exd4 26. Be5 dxc3 27.
bxc3 Rad8 28. Bxf6 Bxf6 29. Rf1 Re7 30. Qb4 Re6 31. c4 h5 32. Qb7 Rd3 33. Kh2
Kg7 1/2-1/2

[Event "II Open A"]
[Site "Conegliano ITA"]
[Date "2008.06.01"]
[Round "2"]
[White "Genocchio, Daniele"]
[Black "Tonus, Alex"]
[Result "1-0"]
[WhiteElo "2416"]
[BlackElo "1919"]
[PlyCount "49"]
[EventDate "2008.05.31"]

1. e4 c5 2. Nf3 d6 3. d4 cxd4 4. Nxd4 Nf6 5. Nc3 a6 6. Bc4 e6 7. Be3 Be7 8. Bb3
O-O 9. g4 Ne8 10. Qe2 Bd7 11. O-O-O Nc6 12. Rhg1 b5 13. Nf5 Na5 14. Nxe7+ Qxe7
15. g5 Nxb3+ 16. axb3 Qd8 17. Qh5 b4 18. Ne2 a5 19. Rg4 a4 20. Rh4 h6 21. gxh6
g6 22. h7+ Kh8 23. Qh6 Ng7 24. Bg5 f6 25. Nf4 1-0

[Event "II Open A"]
[Site "Conegliano ITA"]
[Date "2008.06.01"]
[Round "2"]
[White "Giuriati, Paolo"]
[Black "Naumkin, Igor"]
[Result "0-1"]
[WhiteElo "2206"]
[BlackElo "2494"]
[PlyCount "140"]
[EventDate "2008.05.31"]

1. d4 e6 2. c4 f5 3. Nc3 Bb4 4. Qb3 Qe7 5. a3 Bxc3+ 6. Qxc3 Nf6 7. Bg5 O-O 8.
Nf3 d6 9. g3 Nc6 10. Bg2 e5 11. d5 Nd8 12. O-O Nf7 13. Bxf6 Qxf6 14. e3 Qh6 15.
c5 f4 16. exf4 exf4 17. cxd6 cxd6 18. Qd4 Qh5 19. gxf4 Bh3 20. Bxh3 Qxh3 21.
Ne1 Qg4+ 22. Kh1 Ne5 23. f3 Rxf4 24. fxg4 Rxd4 25. Nf3 Rxd5 26. Nxe5 Rxe5 27.
Rac1 Re7 28. Rc2 h6 29. Kg2 Rf8 30. Rd1 Rf6 31. Rd4 Kf7 32. Rb4 d5 33. Rd2 Rd7
34. Rbd4 Ke6 35. Re2+ Kd6 36. Kg3 g5 37. h4 Re6 38. Rf2 Re3+ 39. Kh2 Rde7 40.
hxg5 hxg5 41. Rdd2 Rh7+ 42. Kg2 Reh3 43. Kf1 Rh1+ 44. Ke2 R7h2 45. Kd3 Rxf2 46.
Rxf2 Rd1+ 47. Kc3 Rg1 48. Rf7 Rxg4 49. Rxb7 Rc4+ 50. Kd3 Rc7 51. Rb8 Rg7 52.
Kd4 g4 53. Rd8+ Ke6 54. Rxd5 g3 55. Re5+ Kf6 56. Re1 Kf5 57. b4 g2 58. Rg1 Kf4
59. a4 Kf3 60. Kc5 Rg5+ 61. Kc6 Rg4 62. Kc5 Kf2 63. Rb1 g1=Q 64. Rxg1 Kxg1 65.
a5 a6 66. Kb6 Rg6+ 67. Kc5 Kf2 68. Kc4 Rc6+ 69. Kb3 Ke3 70. b5 Rc5 0-1

[Event "II Open A"]
[Site "Conegliano ITA"]
[Date "2008.06.01"]
[Round "2"]
[White "Ikonnikov, Vyacheslav"]
[Black "Dvirnyy, Danyyil"]
[Result "1/2-1/2"]
[WhiteElo "2578"]
[BlackElo "2321"]
[PlyCount "111"]
[EventDate "2008.05.31"]

1. d4 Nf6 2. Nf3 g6 3. c4 Bg7 4. Nc3 O-O 5. e4 d6 6. Be2 e5 7. O-O Nc6 8. d5
Ne7 9. Ne1 Nd7 10. Be3 f5 11. f3 f4 12. Bf2 g5 13. a4 Rf6 14. a5 a6 15. Na4 Rh6
16. c5 Qe8 17. Kh1 Qh5 18. Bg1 Nf6 19. cxd6 cxd6 20. Nb6 Qh4 21. Nxc8 Rxc8 22.
h3 g4 23. Bf2 Qg5 24. fxg4 Nxe4 25. Bf3 Nf6 26. Ra4 e4 27. Bxe4 Nxe4 28. Rxe4
Qxd5 29. Qe2 Nc6 30. Nf3 Ne5 31. Bd4 Re6 32. Bxe5 dxe5 33. Rd1 Qxa5 34. Rxf4
Rec6 35. Re4 Rc1 36. Rxc1 Rxc1+ 37. Kh2 Qd5 38. g5 b5 39. h4 Qd1 40. Qe3 Rc6
41. Rd4 exd4 42. Qe8+ Bf8 43. Qxc6 d3 44. Qe6+ Kh8 45. Qf6+ Kg8 46. g6 hxg6 47.
Ng5 Qb3 48. Qxg6+ Bg7 49. Qe8+ Bf8 50. Ne6 Qb4 51. Qg6+ Kh8 52. Kh3 Qd6 53.
Qf6+ Kg8 54. Qg6+ Kh8 55. Qf6+ Kg8 56. Qg6+ 1/2-1/2

[Event "II Open A"]
[Site "Conegliano ITA"]
[Date "2008.06.01"]
[Round "2"]
[White "Jovanic, Ognjen"]
[Black "Bozzali, Ermanno"]
[Result "1-0"]
[WhiteElo "2504"]
[BlackElo "2202"]
[PlyCount "65"]
[EventDate "2008.05.31"]

1. d4 e6 2. c4 f5 3. Nc3 Nf6 4. e3 Bb4 5. Nge2 Ne4 6. Qc2 O-O 7. a3 Bxc3+ 8.
Nxc3 Nxc3 9. Qxc3 Qe7 10. Be2 d6 11. b3 Nc6 12. Bb2 Bd7 13. O-O e5 14. dxe5
dxe5 15. Rad1 Rae8 16. Bh5 Rd8 17. Bf3 Rde8 18. b4 Bc8 19. Bh5 g6 20. Bf3 h5
21. b5 Nd8 22. a4 c5 23. bxc6 bxc6 24. Ba3 c5 25. Rd5 Nb7 26. Bb2 Rf6 27. Rxe5
Qxe5 28. Bd5+ Kh7 29. Qxe5 Rxe5 30. Bxe5 Ra6 31. Rb1 Nd6 32. h4 Bd7 33. Rb8 1-0

[Event "II Open A"]
[Site "Conegliano ITA"]
[Date "2008.06.01"]
[Round "2"]
[White "Luch, Michal"]
[Black "Pomaro, Alberto"]
[Result "1-0"]
[WhiteElo "2383"]
[BlackElo "2209"]
[PlyCount "71"]
[EventDate "2008.05.31"]

1. d4 Nf6 2. c4 g6 3. g3 Bg7 4. Bg2 O-O 5. Nc3 d6 6. Nf3 Nc6 7. O-O a6 8. d5
Na5 9. Nd2 c5 10. Qc2 Rb8 11. b3 b5 12. Bb2 e5 13. dxe6 fxe6 14. cxb5 axb5 15.
Nce4 Bb7 16. Rad1 Qe7 17. Bxf6 Bxf6 18. Qd3 Bxe4 19. Nxe4 d5 20. Nxf6+ Qxf6 21.
e4 d4 22. Qd2 Nb7 23. b4 e5 24. f4 Rfd8 25. bxc5 Nxc5 26. fxe5 Qxe5 27. Qf4
Qxf4 28. gxf4 d3 29. e5 Rd4 30. Kf2 d2 31. Ke3 Rbd8 32. Bc6 Na4 33. e6 R8d6 34.
e7 Rd3+ 35. Kf2 Re6 36. Bxb5 1-0

[Event "II Open A"]
[Site "Conegliano ITA"]
[Date "2008.06.01"]
[Round "2"]
[White "Mazzilli, Piero"]
[Black "Georgiev, Vladimir"]
[Result "0-1"]
[WhiteElo "2332"]
[BlackElo "2572"]
[PlyCount "114"]
[EventDate "2008.05.31"]

1. d4 Nf6 2. Nf3 d5 3. c4 e6 4. Nc3 c6 5. cxd5 exd5 6. Bg5 Bf5 7. Qb3 Nbd7 8.
e3 Qb6 9. Qxb6 axb6 10. Nh4 Be6 11. Bxf6 Nxf6 12. Bd3 b5 13. O-O b4 14. Ne2 Be7
15. Nf5 Bxf5 16. Bxf5 g6 17. Bc2 Ne4 18. Bxe4 dxe4 19. a3 Kd7 20. axb4 Bxb4 21.
Nc3 f5 22. Na4 Kc7 23. Rfc1 Ra5 24. Rc4 Rb5 25. Ra2 Ra8 26. Nc3 Rxa2 27. Nxa2
Ra5 28. Rxb4 Rxa2 29. f3 Ra1+ 30. Kf2 Rd1 31. fxe4 fxe4 32. Kg3 Rd2 33. Kf4
Rxg2 34. Kxe4 Rxh2 35. Ke5 Rf2 36. e4 h5 37. d5 Rd2 38. dxc6 bxc6 39. Kf6 Kd6
40. Kxg6 h4 41. Rb8 Re2 42. Kf5 h3 43. Rd8+ Kc5 44. Rh8 h2 45. b3 Kd4 46. Rd8+
Kc3 47. Rd1 Rf2+ 48. Ke6 Kxb3 49. Rh1 c5 50. e5 c4 51. Kd7 Rd2+ 52. Kc7 Re2 53.
Kd6 c3 54. e6 c2 55. e7 Kb2 56. Rxh2 Rxh2 57. e8=Q Rd2+ 0-1

[Event "II Open A"]
[Site "Conegliano ITA"]
[Date "2008.06.01"]
[Round "2"]
[White "Mileto, Gabriele"]
[Black "Rigo, Gianfrancesco"]
[Result "1-0"]
[WhiteElo "2165"]
[BlackElo "2023"]
[PlyCount "87"]
[EventDate "2008.05.31"]

1. e4 c5 2. Nf3 g6 3. d4 cxd4 4. Nxd4 Nc6 5. Nc3 Bg7 6. Be3 Nf6 7. Bc4 O-O 8.
Bb3 a5 9. O-O a4 10. Nxa4 Nxe4 11. Nb5 Rxa4 12. Bxa4 Bxb2 13. Rb1 Bg7 14. c4
Qa5 15. Bc2 Nc3 16. Nxc3 Qxc3 17. c5 Nd4 18. Be4 Qxc5 19. Bxb7 Bxb7 20. Rxb7
Qc6 21. Ra7 e5 22. Bxd4 exd4 23. Qa4 Rc8 24. Rd1 h6 25. g3 Rd8 26. Qxc6 dxc6
27. Rc7 Ra8 28. Rd2 Ra6 29. Rc2 Bf8 30. R7xc6 Ra4 31. Rc8 Kg7 32. R8c4 Ra3 33.
Rxd4 Rf3 34. Kg2 Rf5 35. a4 Bc5 36. Rdc4 Bb6 37. Rc6 Bd4 38. Rd2 Ba7 39. Ra6
Bc5 40. Ra5 Bb4 41. Rxf5 Bxd2 42. Rb5 Bc3 43. a5 Bd4 44. a6 1-0

[Event "II Open A"]
[Site "Conegliano ITA"]
[Date "2008.06.01"]
[Round "2"]
[White "Omeri, Silvan"]
[Black "Verducci, Gianni"]
[Result "1-0"]
[WhiteElo "2201"]
[BlackElo "2010"]
[PlyCount "107"]
[EventDate "2008.05.31"]

1. c4 c5 2. g3 g6 3. Bg2 Bg7 4. Nc3 Nc6 5. a3 e6 6. e3 Nge7 7. Nge2 O-O 8. O-O
d5 9. d3 a6 10. Qc2 d4 11. Ne4 Qb6 12. exd4 Nxd4 13. Nxd4 Bxd4 14. Rb1 Nc6 15.
Bh6 Bg7 16. Bxg7 Kxg7 17. b4 cxb4 18. c5 Qd8 19. Nd6 Qf6 20. Bxc6 bxc6 21. Rxb4
e5 22. Qe2 Be6 23. f4 a5 24. fxe5 Qxf1+ 25. Qxf1 axb4 26. Qf6+ Kg8 27. axb4 Ra2
28. Nc4 Rfa8 29. Na5 Bd5 30. h4 Rg2+ 31. Kf1 Rxg3 32. Ke2 h5 33. Kd2 Rc8 34.
Qd6 Ra8 35. Qc7 g5 36. Qe7 Rg4 37. Qb7 Rd8 38. Nxc6 Bxc6 39. Qxc6 Rxb4 40. Qf6
Rbd4 41. Qxg5+ Kf8 42. Qf5 R8d5 43. Kc3 Rxh4 44. Qf2 Rh3 45. Kc4 Rdxd3 46. c6
Rc3+ 47. Kb5 Rb3+ 48. Kc5 Rhf3 49. Qh4 Rf5 50. Qd8+ Kg7 51. c7 Rxe5+ 52. Kd4
Rbe3 53. Qh4 Re8 54. Qg5+ 1-0

[Event "II Open A"]
[Site "Conegliano ITA"]
[Date "2008.06.01"]
[Round "2"]
[White "Panican, Gheorghe"]
[Black "Santacaterina, Pietro"]
[Result "1-0"]
[WhiteElo "2053"]
[BlackElo "1815"]
[PlyCount "141"]
[EventDate "2008.05.31"]

1. e4 d6 2. d4 Nf6 3. Nc3 g6 4. f4 Bg7 5. Nf3 O-O 6. Bd3 c6 7. h3 Qc7 8. Be3 b6
9. Qe2 Nbd7 10. g4 e5 11. O-O-O b5 12. Qf2 b4 13. Ne2 Qa5 14. Kb1 c5 15. dxe5
dxe5 16. f5 c4 17. Bxc4 Nxe4 18. Qe1 Nb6 19. Bb3 Bb7 20. fxg6 hxg6 21. Rf1 Rac8
22. Ng5 Nxg5 23. Bxg5 Qc5 24. Qf2 Qc7 25. Ng3 a5 26. Be3 Nc4 27. Bc1 Qc6 28.
Bxc4 Qxc4 29. b3 Qc6 30. Bb2 a4 31. Rfe1 axb3 32. cxb3 Qb5 33. g5 Rc7 34. h4
Rfc8 35. Rd2 Re8 36. Ne4 Bxe4+ 37. Rxe4 Qc6 38. Qe1 Rb7 39. Rde2 f5 40. gxf6
Bxf6 41. Rg2 Kf7 42. Rgg4 Qb5 43. Rc4 Qd5 44. Qe4 Qxe4+ 45. Rcxe4 Reb8 46. Bxe5
Bxe5 47. Rxe5 Kf6 48. Reg5 Rb5 49. Rxg6+ Kf5 50. R6g5+ Kf6 51. Rxb5 Rxb5 52.
Kb2 Ke6 53. a3 bxa3+ 54. Kxa3 Re5 55. Ka4 Kd6 56. b4 Kc6 57. Rg6+ Kb7 58. Rg5
Re1 59. Kb5 Rh1 60. h5 Rh4 61. Kc5 Kc7 62. b5 Kb7 63. Kd5 Rh1 64. Ke5 Kb6 65.
Kf6 Rf1+ 66. Kg7 Rd1 67. h6 Rd7+ 68. Kg6 Rd6+ 69. Kh5 Rd1 70. h7 Rd8 71. Rg8
1-0

[Event "II Open A"]
[Site "Conegliano ITA"]
[Date "2008.06.01"]
[Round "2"]
[White "Pfeifer, Andreas"]
[Black "Coqueraut, Jean Dominique"]
[Result "1/2-1/2"]
[WhiteElo "2116"]
[BlackElo "1975"]
[PlyCount "138"]
[EventDate "2008.05.31"]

1. e4 e5 2. Nf3 d6 3. d4 exd4 4. Qxd4 Nc6 5. Bb5 Bd7 6. Bxc6 Bxc6 7. Nc3 Nf6 8.
Bg5 Be7 9. O-O-O O-O 10. Rhe1 h6 11. Bf4 Re8 12. h3 Bd7 13. Qd3 Be6 14. Nd4 Bd7
15. g4 c6 16. Nf5 Bxf5 17. gxf5 Qc7 18. Bxd6 Bxd6 19. Qxd6 Qb6 20. Qf4 Rad8 21.
e5 Rxd1+ 22. Rxd1 Qc7 23. Rg1 Qxe5 24. Qxh6 Nd5 25. Nxd5 cxd5 26. f6 Qe1+ 27.
Rxe1 Rxe1+ 28. Kd2 gxh6 29. Kxe1 Kh7 30. Ke2 Kg6 31. Ke3 Kxf6 32. Kf4 Ke6 33.
c3 f5 34. Ke3 b6 35. f4 Kf6 36. Kd4 Ke6 37. a4 Kd6 38. b3 Ke6 39. b4 Kd6 40. a5
Ke6 41. c4 dxc4 42. Kxc4 Kd6 43. Kb5 bxa5 44. bxa5 Kd5 45. Ka6 Ke4 46. Kxa7
Kxf4 47. Kb6 Kg3 48. a6 f4 49. a7 Kxh3 50. a8=Q Kg3 51. Qg8+ Kf2 52. Qa2+ Kg3
53. Qa3+ f3 54. Qd6+ Kg2 55. Qg6+ Kf1 56. Qxh6 f2 57. Qf4 Ke1 58. Qe3+ Kf1 59.
Kc5 Kg2 60. Qe2 Kg1 61. Qg4+ Kh2 62. Qf3 Kg1 63. Qg3+ Kh1 64. Qh4+ Kg1 65. Qg4+
Kh2 66. Qf3 Kg1 67. Qe3 Kg2 68. Qe2 Kg1 69. Qg4+ Kh2 1/2-1/2

[Event "II Open A"]
[Site "Conegliano ITA"]
[Date "2008.06.01"]
[Round "2"]
[White "Piscopo, Pierluigi"]
[Black "Fedorchuk, Sergey A."]
[Result "0-1"]
[WhiteElo "2379"]
[BlackElo "2671"]
[PlyCount "78"]
[EventDate "2008.05.31"]

1. e4 c5 2. Nf3 e6 3. d4 cxd4 4. Nxd4 a6 5. Nc3 Qc7 6. Bd3 Nf6 7. f4 b5 8. e5
b4 9. Ne4 Nd5 10. Qf3 Bb7 11. Qg3 Qb6 12. Nf3 Nc6 13. Bd2 f5 14. exf6 gxf6 15.
f5 e5 16. c4 bxc3 17. bxc3 O-O-O 18. a3 Be7 19. c4 Nc7 20. Qf2 Qxf2+ 21. Kxf2
d5 22. cxd5 Rxd5 23. Bc4 Rd7 24. Rhc1 Rhd8 25. Be3 Na5 26. Nfd2 Kb8 27. Be2 Nd5
28. Bc5 Nf4 29. Bxe7 Rxe7 30. Rab1 Ka7 31. Rc3 Red7 32. g3 Nxe2 33. Kxe2 Nc6
34. g4 Nd4+ 35. Ke3 Nb5 36. Rcb3 h5 37. Rxb5 Rd3+ 38. Ke2 axb5 39. gxh5 Rh3 0-1

[Event "II Open A"]
[Site "Conegliano ITA"]
[Date "2008.06.01"]
[Round "2"]
[White "Rossi, Gianni"]
[Black "Gorshkova, Irina"]
[Result "0-1"]
[WhiteElo "2012"]
[BlackElo "2158"]
[PlyCount "60"]
[EventDate "2008.05.31"]

1. d4 Nf6 2. Nc3 d5 3. e4 dxe4 4. f3 exf3 5. Nxf3 Bg4 6. h3 Bh5 7. g4 Bg6 8.
Ne5 e6 9. Qf3 c6 10. g5 Nd5 11. Bd3 Nd7 12. Nxg6 hxg6 13. O-O Qe7 14. Nxd5 cxd5
15. c4 dxc4 16. Bxc4 Nb6 17. Bb5+ Kd8 18. Bf4 a6 19. Bc6 bxc6 20. Qxc6 Qa7 21.
Rac1 Rc8 22. Qf3 Nd5 23. Be5 Rxc1 24. Rxc1 Rh5 25. Qg3 Bb4 26. Rc4 Bd2 27. h4
Be3+ 28. Kf1 Qb7 29. Bc7+ Nxc7 30. Qd6+ Ke8 0-1

[Event "II Open A"]
[Site "Conegliano ITA"]
[Date "2008.06.01"]
[Round "2"]
[White "Scalcione, Michelangelo"]
[Black "Van Hoolandt, Patrick"]
[Result "1-0"]
[WhiteElo "2455"]
[BlackElo "2183"]
[PlyCount "156"]
[EventDate "2008.05.31"]

1. Nf3 Nf6 2. c4 e6 3. Nc3 Bb4 4. Qc2 O-O 5. a3 Bxc3 6. Qxc3 b6 7. g3 Bb7 8.
Bg2 d5 9. cxd5 Nxd5 10. Qc2 c5 11. O-O Nc6 12. b3 Rc8 13. Bb2 Qe7 14. Rfe1 Rfd8
15. h4 h6 16. Rad1 Nf6 17. e3 Na5 18. Bc3 Nc6 19. Qb1 Nd5 20. Ba1 Nf6 21. d3
Ne8 22. Rd2 Nd6 23. Qb2 Ne8 24. Red1 Nf6 25. Nh2 Qf8 26. Rc1 Na5 27. Bxb7 Nxb7
28. Rc4 Nd6 29. Rf4 Nde8 30. g4 Nd5 31. Rf3 Qe7 32. g5 h5 33. e4 Ndc7 34. a4
Na6 35. Nf1 Nb4 36. Ng3 Nc6 37. Nxh5 Nd4 38. Rg3 e5 39. Re3 Qe6 40. Ng3 Nxb3
41. Rd1 c4 42. Nf5 c3 43. Qc2 Nd4 44. Nxd4 exd4 45. Rg3 g6 46. Rf1 Ng7 47. f4
Rc5 48. Rg2 Qh3 49. f5 gxf5 50. g6 Qe3+ 51. Kh2 fxg6 52. Qb3+ Kh7 53. Qf7 Qh6
54. exf5 gxf5 55. Rg3 Rd6 56. Rfg1 Qxh4+ 57. Rh3 Qxh3+ 58. Kxh3 Rh6+ 59. Kg2
Rg6+ 60. Kf2 Rxg1 61. Kxg1 c2 62. Bb2 c1=Q+ 63. Bxc1 Rxc1+ 64. Kf2 Rc2+ 65. Kf3
Rc3 66. Ke2 a6 67. Qd7 Rc2+ 68. Kf3 Rc5 69. Qxd4 Ra5 70. Qb4 Kh8 71. d4 Kh7 72.
Ke3 Kh8 73. Kd3 Kh7 74. Kc3 f4 75. Qb1+ Rf5 76. d5 Kg8 77. d6 Kf8 78. Qxb6 Kf7
1-0

[Event "II Open A"]
[Site "Conegliano ITA"]
[Date "2008.06.01"]
[Round "2"]
[White "Tamai, Roberto"]
[Black "Dgebuadze, Alexandre"]
[Result "0-1"]
[WhiteElo "2290"]
[BlackElo "2528"]
[PlyCount "62"]
[EventDate "2008.05.31"]

1. e4 e6 2. d4 d5 3. Nd2 Nf6 4. Bd3 c5 5. e5 Nfd7 6. c3 Nc6 7. Ngf3 g6 8. h4
Be7 9. c4 cxd4 10. cxd5 Ndxe5 11. Nxe5 Nxe5 12. Qa4+ Bd7 13. Qxd4 Nxd3+ 14.
Qxd3 Bc6 15. h5 Qxd5 16. Qc3 O-O-O 17. hxg6 Qxg2 18. Rxh7 Rxh7 19. gxh7 Qh1+
20. Nf1 Qxh7 21. Be3 Qh4 22. a3 Bf6 23. Qc2 Qh5 24. Rc1 Qb5 25. Nd2 Qxb2 26.
Bxa7 Qxa3 27. Be3 Rh8 28. Nc4 Rh1+ 29. Ke2 Rxc1 30. Bxc1 Qf3+ 31. Kf1 Bb5 0-1

[Event "II Open A"]
[Site "Conegliano ITA"]
[Date "2008.06.01"]
[Round "2"]
[White "Tomio, Dante"]
[Black "Chierici, Marianna"]
[Result "1-0"]
[WhiteElo "1953"]
[BlackElo "2071"]
[PlyCount "125"]
[EventDate "2008.05.31"]

1. d4 f5 2. Nf3 Nf6 3. Bg5 e6 4. e3 Be7 5. Bd3 d5 6. Nbd2 b6 7. c3 Bb7 8. Ne5
O-O 9. h3 Ne4 10. Bxe7 Qxe7 11. Qe2 a5 12. O-O c5 13. Rfe1 Ba6 14. Bxa6 Nxa6
15. Nxe4 fxe4 16. a3 Nc7 17. Rad1 Qe8 18. Rd2 Nb5 19. c4 Nc7 20. Rc1 a4 21. Qg4
b5 22. cxd5 exd5 23. Rxc5 Na6 24. Rxd5 Rc8 25. Rd7 g6 26. Qxe4 Rc1+ 27. Kh2 Nb8
28. Qd5+ Kh8 29. Rd8 Qe7 30. Rxf8+ Qxf8 31. Qxb5 Qd6 32. g3 Qf8 33. Qd5 Na6 34.
Qf7 Qb8 35. f3 Qc8 36. Qf6+ Kg8 37. Ng4 Qf8 38. Qxf8+ Kxf8 39. Ne5 Ke7 40. Kg2
Kd6 41. Nd3 Rc8 42. e4 Rc4 43. Nf4 g5 44. e5+ Ke7 45. Nd5+ Ke6 46. Nb6 Rc7 47.
Nxa4 Rd7 48. b4 Rd8 49. Kf2 Nc7 50. Nc5+ Kd5 51. Ke3 Nb5 52. a4 Na3 53. Kd3 Rf8
54. Rf2 h5 55. e6 Nc4 56. Nd7 Rc8 57. Nc5 Rf8 58. f4 Nd6 59. Rc2 Rd8 60. f5 h4
61. gxh4 gxh4 62. Nd7 Rh8 63. Nf6# 1-0

[Event "II Open A"]
[Site "Conegliano ITA"]
[Date "2008.06.01"]
[Round "2"]
[White "Vezzosi, Paolo"]
[Black "Kritz, Leonid"]
[Result "0-1"]
[WhiteElo "2351"]
[BlackElo "2609"]
[PlyCount "28"]
[EventDate "2008.05.31"]

1. d4 Nf6 2. c4 e6 3. Nf3 b6 4. g3 Ba6 5. b3 b5 6. Bg2 bxc4 7. Ne5 Bb4+ 8. Kf1
d5 9. bxc4 O-O 10. c5 Nfd7 11. Nd3 Bxd3 12. Qxd3 Nxc5 13. dxc5 Qf6 14. a3 Bxc5
0-1

[Event "II Open A"]
[Site "Conegliano ITA"]
[Date "2008.06.01"]
[Round "2"]
[White "Xia, Jie"]
[Black "Inkiov, Ventzislav V."]
[Result "0-1"]
[WhiteElo "2175"]
[BlackElo "2446"]
[PlyCount "50"]
[EventDate "2008.05.31"]

1. e4 c5 2. Nf3 d6 3. d4 cxd4 4. Nxd4 Nf6 5. Nc3 Nc6 6. Be2 g6 7. O-O Bg7 8.
Nb3 O-O 9. Bg5 Be6 10. f4 Na5 11. f5 Bc4 12. Bd3 Rc8 13. Kh1 b5 14. Nxa5 Qxa5
15. Bxc4 Rxc4 16. Bxf6 Bxf6 17. Nd5 Qd8 18. Nxf6+ exf6 19. fxg6 hxg6 20. Qd5
Rxc2 21. Rf3 Qe7 22. Qxb5 Qxe4 23. Qf1 f5 24. Re1 Qc6 25. Ra3 Re8 0-1

[Event "II Open A"]
[Site "Conegliano ITA"]
[Date "2008.06.01"]
[Round "2"]
[White "Zanirato, Stefano"]
[Black "Solinas, Carlo"]
[Result "1/2-1/2"]
[WhiteElo "1970"]
[BlackElo "2087"]
[PlyCount "141"]
[EventDate "2008.05.31"]

1. e4 e5 2. Nf3 Nc6 3. d4 exd4 4. Nxd4 Qf6 5. Be3 Bc5 6. c3 Qg6 7. Nd2 Nf6 8.
Qf3 Nxd4 9. Bxd4 Bxd4 10. cxd4 d5 11. e5 Ne4 12. h3 O-O 13. Bd3 f5 14. Nb3 Qh6
15. g3 a5 16. Rd1 a4 17. Nc1 b6 18. Ne2 Bb7 19. Nf4 c5 20. Bb5 Ng5 21. Qe3 Ne6
22. Nxe6 Qxe6 23. Be2 c4 24. a3 Ra5 25. f4 Rb5 26. Rd2 Rb3 27. Qf2 c3 28. bxc3
Rxc3 29. Rd3 Rfc8 30. O-O Rc2 31. Qf3 Ba6 32. Re3 Bc4 33. g4 g6 34. Rf2 Kh8 35.
Qg3 Rc1+ 36. Kh2 Bxe2 37. Rfxe2 R1c4 38. Rg2 Rxd4 39. gxf5 Qxf5 40. e6 Qxf4 41.
Qxf4 Rxf4 42. e7 Re8 43. Rd2 d4 44. Re5 Kg7 45. Kg3 Rf5 46. Re4 b5 47. Rdxd4
Kf7 48. Rd7 Rc5 49. Re3 h6 50. Rb7 Rd5 51. Kg4 h5+ 52. Kg3 Rf5 53. Re4 g5 54.
Re3 Rf1 55. Kg2 Rb1 56. Re5 Rb2+ 57. Kg1 Kf6 58. Re3 Rb3 59. Rxb3 axb3 60. Rxb5
Rxe7 61. Rxb3 Re2 62. Rf3+ Ke5 63. Kf1 Ra2 64. Rb3 Kf4 65. Kg1 g4 66. hxg4 hxg4
67. Rc3 Kg5 68. Rc8 Rxa3 69. Kg2 Ra2+ 70. Kg3 Ra3+ 71. Kg2 1/2-1/2

[Event "II Open A"]
[Site "Conegliano ITA"]
[Date "2008.06.01"]
[Round "3"]
[White "Bertaglia, Luca"]
[Black "Giuriati, Paolo"]
[Result "1/2-1/2"]
[WhiteElo "2064"]
[BlackElo "2206"]
[PlyCount "47"]
[EventDate "2008.05.31"]

1. e4 e6 2. d4 d5 3. e5 c5 4. c3 Nc6 5. Nf3 Bd7 6. Be2 f6 7. O-O fxe5 8. Nxe5
Nxe5 9. dxe5 Qc7 10. Bh5+ g6 11. Bf3 O-O-O 12. c4 Bg7 13. Bg5 Rf8 14. cxd5 Qxe5
15. Bh4 Qd4 16. dxe6 Bxe6 17. Qxd4 Bxd4 18. Nd2 Nh6 19. Be7 Rf7 20. Bg5 Nf5 21.
Rfe1 Kd7 22. Rad1 Re8 23. Ne4 Nd6 24. b4 1/2-1/2

[Event "II Open A"]
[Site "Conegliano ITA"]
[Date "2008.06.01"]
[Round "3"]
[White "Cherin, Diego"]
[Black "De Filomeno, Simone"]
[Result "1-0"]
[WhiteElo "2267"]
[BlackElo "2088"]
[PlyCount "61"]
[EventDate "2008.05.31"]

1. e4 c5 2. Nf3 Nc6 3. d4 cxd4 4. Nxd4 g6 5. Nc3 Bg7 6. Be3 Nf6 7. Bc4 O-O 8.
Bb3 a5 9. a4 Nb4 10. Ndb5 b6 11. f3 Bb7 12. Qd2 d5 13. O-O-O e6 14. Qf2 Qb8 15.
Bxb6 dxe4 16. Nc7 Rc8 17. Nxa8 Bxa8 18. Ba7 Qf4+ 19. Kb1 exf3 20. gxf3 Qxf3 21.
Rhf1 Qb7 22. Qb6 Ne4 23. Rd8+ Bf8 24. Nxe4 Rxd8 25. Qxd8 Nc6 26. Nf6+ Kg7 27.
Ne8+ Kg8 28. Qf6 Qxa7 29. Bxe6 Nd8 30. Qxd8 fxe6 31. Nc7 1-0

[Event "II Open A"]
[Site "Conegliano ITA"]
[Date "2008.06.01"]
[Round "3"]
[White "Coqueraut, Jean Dominique"]
[Black "Astengo, Marcello"]
[Result "0-1"]
[WhiteElo "1975"]
[BlackElo "2064"]
[PlyCount "62"]
[EventDate "2008.05.31"]

1. d4 d5 2. c4 c6 3. cxd5 Qxd5 4. Nc3 Qa5 5. Bd2 Qb6 6. e3 Qxb2 7. Bc4 Nf6 8.
Nf3 Qb6 9. O-O e6 10. Rb1 Qd8 11. e4 Be7 12. e5 Nd5 13. Ne4 h6 14. Qc2 Nd7 15.
Rfc1 O-O 16. Bd3 a5 17. Ng3 c5 18. dxc5 Nxc5 19. Be2 Bd7 20. Nd4 Rc8 21. Qb2
Bg5 22. Bxg5 Qxg5 23. Nf3 Qf4 24. Qd4 Qxd4 25. Nxd4 Nf4 26. Bf3 Nfd3 27. Rd1
Ba4 28. Rd2 Rfd8 29. Nge2 Nxe5 30. Bxb7 Rb8 31. f4 Nc4 0-1